| 000 | 00759nab a22002297a 4500 | ||
|---|---|---|---|
| 001 | 18130 | ||
| 003 | HDC | ||
| 007 | cr bn ---aaaaa | ||
| 008 | 210128c20171005my ||||o |||| 00| 00eng d | ||
| 040 | _aHDC | ||
| 245 | 0 | _aNew App That Locates Halal Restaurants, Butcheries And Hotels - HalalAdvisor(October 05, 2017) | |
| 336 |
_atext _2rdacontent |
||
| 337 |
_acomputer _2rdamedia |
||
| 338 |
_aonline resource _2rdacarrier |
||
| 650 |
_aHalal industry _9144 |
||
| 650 |
_aHotels _99414 |
||
| 710 | _aTutorial Finder | ||
| 856 | _zRequest full-text at [email protected] | ||
| 942 | _2lcc | ||
| 942 | _cNEWS | ||
| 942 | _kNWSO 007512 | ||
| 999 |
_c15446 _d15446 |
||